000 00609nam a2200229Ia 4500
003 OSt
005 20221007063543.0
006 a|||||r|||| 00| 0
007 ta
008 221006b |||||||| |||| 00| 0 eng d
024 _a28,669
037 _cTextual
040 _aFLL
_cFLL
_beng
041 _2eng
_aeng
082 _aZQ7, A
100 _aMacnaghten W.H.
_9684460
245 0 _aPrinciples and precedents of Moohummadan
260 _aCalcutta
_bChurch Mission Press India
_c1825
300 _av,379p
_ccm.
942 _hZQ7, A
_cTEXL
_2CC
999 _c1131519
_d1131519